000 00573nam a2200229Ia 4500
003 OSt
005 20220923230036.0
006 a|||||r|||| 00| 0
007 ta
008 Pun
024 _a276,975
037 _cTextual
040 _aARTS
_cARTS
_bPun
041 _2Pun
_aPun
082 _aO153,3N07,LC, J3
100 _aਸਿੰਘ, ਤੇਜਾ
245 0 _aਲਹੂ ਚੂਸ
260 _c1953
650 _aਪੰਜਾਬੀ ਸਾਹਿਤ
942 _hO153,3N07,LC, J3
_cTEXL
_2CC
999 _c382099
_d382099